000 03284cam a2200313 i 4500
001 200439468
999 _c200439468
_d57680
003 TR-AnTOB
005 20241105161528.0
007 ta
008 170523m20202018tu b 000 0 tur d
020 _a9786056802898
040 _aBGZ
_beng
_erda
_cTR-AnTOB
041 0 _atur
050 0 0 _aE169.1
_b.Y39 2020
090 _aE169.1
_b.Y39 2020
100 1 _aYaylalıer, Dinç
_eauthor
_9119215
245 1 0 _aAmerika :
_binceleme, gözlem, yorum /
_cDinç Yaylalıer ; yayın yönetmeni Başak Ergün.
250 _a2. baskı
264 1 _aİstanbul :
_bİstek Yayınları,
_c2020.
300 _a653 pages. ;
_c20 cm
336 _atext
_btxt
_2rdacontent
337 _aunmediated
_bn
_2rdamedia
338 _avolume
_bnc
_2rdacarrier
504 _aIncludes bibliographical references.
520 _aAmerika, en iyi ile en kötünün bir arada yaşadığı çelişkiler ülkesidir. Bir yanda dünyanın en iyi üniversiteleri, kütüphaneleri, kültür merkezleri, hastane ve teknoloji merkezleri, uzay üssü NASA, askeri gücü, Hollywood, spor tesisleri, doğa parkları… Diğer yanda ise sanayi toplumları içinde en adaletsiz gelir dağılımı, ağzına kadar dolu hapishaneler, özellikle metropollerin sokaklarında görülen evsizler ve belli bir saatten sonra caddeleri teröre boğan çeteler, uyuşturucu madde ticareti ve kullanımı, makro seviyede ayrımcılık sorununu çözümlemesine rağmen beyaz polislerle Afrikalı-Amerikalı gençler arasında zaman zaman patlak veren, can kayıplarının yaşandığı terör olayları. Kısacası toplumun kazananları ve kaybedenleri. 21. yüzyılda tüm bu tezatlar Yenidünya’da radikal bir düzen değişimine yol açar mı? Çelişkiler ülkesi Amerika süper güç olma statüsünü nasıl devam ettiriyor? Bu toplumun olumlu ve olumsuz iç dinamikleri nelerdir? Amerika adlı eserde bu ve benzeri sorulara teori-pratik bütünlüğü içinde analitik bir yaklaşımla cevap aranıyor. Amerika, en iyi ile en kötünün bir arada yaşadığı çelişkiler ülkesidir. Bir yanda dünyanın en iyi üniversiteleri, kütüphaneleri, kültür merkezleri, hastane ve teknoloji merkezleri, uzay üssü NASA, askeri gücü, Hollywood, spor tesisleri, doğa parkları… Diğer yanda ise sanayi toplumları içinde en adaletsiz gelir dağılımı, ağzına kadar dolu hapishaneler, özellikle metropollerin sokaklarında görülen evsizler ve belli bir saatten sonra caddeleri teröre boğan çeteler, uyuşturucu madde ticareti ve kullanımı, makro seviyede ayrımcılık sorununu çözümlemesine rağmen beyaz polislerle Afrikalı-Amerikalı gençler arasında zaman zaman patlak veren, can kayıplarının yaşandığı terör olayları… Kısacası toplumun kazananları ve kaybedenleri… 21. yüzyılda tüm bu tezatlar Yenidünya’da radikal bir düzen değişimine yol açar mı? Çelişkiler ülkesi Amerika süper güç olma statüsünü nasıl devam ettiriyor? Bu toplumun olumlu ve olumsuz iç dinamikleri nelerdir? Amerika adlı eserde bu ve benzeri sorulara teori-pratik bütünlüğü içinde analitik bir yaklaşımla cevap aranıyor.
651 0 _aAmerika Birleşik Devletleri
_xUygarlık
_y20. yüzyıl
_9119222
942 _2lcc
_cBK